000 00752nam a2200253 a 4500
003 AR-BaBNM
005 20251128205250.0
008 082120s2002 ||||||||||||||000 | spa||
040 _cAR-BaBNM
100 1 _aAmadeo, Mario
245 0 0 _aPolítica internacional
_blos principios y los hechos
260 _aBuenos Aires
_bInstituto Argentino de Cultura Hipánica
_c1970
300 _a578 p.
500 _aContiene índice alfabético p. 571-577
650 4 _aCIENCIAS POLITICAS
650 4 _aCOOPERACION INTERNACIONAL
650 4 _aRELACIONES INTERNACIONALES
650 4 _aCIENCIAS POLITICAS
650 4 _aDERECHO INTERNACIONAL
650 4 _aRELACIONES EXTERIORES
650 4 _aPOLITICA GUBERNAMENTAL
942 _cBK
998 _cmariana
999 _c10656
_d10656